000
00214 a2200097 4500
001
19786
100
_a
Beiser, A
245
_a
Essential maths for the sciences
260
_a
_b
McGraw-Hill
_c
090
_c
14411
_d
14411
942
_a
NUST-CAE
_c
M
_c
4905
999
_c
254859
_d
254859